[Event "Mittelrhein Verbandsliga-W 18/19"]
[Site "Nordrheinwestfalen"]
[Date "2019.05.05"]
[Round "10.5"]
[White "Kloepper, Karl"]
[Black "Baldus, Alexander"]
[Result "1/2-1/2"]
[WhiteElo "1857"]
[BlackElo "1811"]
[PlyCount "31"]
[EventDate "2018.09.02"]
[EventType "team-tourn"]
[EventRounds "11"]
[EventCountry "GER"]
[SourceTitle "EXT 2022"]
[Source "ChessBase"]
[SourceDate "2021.10.06"]
[SourceVersion "1"]
[SourceVersionDate "2021.10.06"]
[SourceQuality "1"]
[WhiteTeam "Horrem"]
[BlackTeam "Pulheim"]
[WhiteTeamCountry "GER"]
[BlackTeamCountry "GER"]

1. Nf3 Nf6 2. g3 g6 3. Bg2 Bg7 4. 0-0 0-0 5. d4 d6 6. c4 Nbd7 7. Nc3 c6 8. b4 e5 9. dxe5 Nxe5 10. Nxe5 dxe5 11. Bb2 Be6 12. c5 Qc7 13. Qc2 Rfd8 14. Rfd1 a5 15. b5 Nd5 16. b6 1/2-1/2

[Event "Mittelrhein Verbandsliga-W 17/18"]
[Site "Nordrheinwestfalen"]
[Date "2017.12.03"]
[Round "5.7"]
[White "Kloepper, Karl"]
[Black "Roefe, Detlef"]
[Result "1/2-1/2"]
[WhiteElo "1800"]
[BlackElo "1861"]
[PlyCount "55"]
[EventDate "2017.09.10"]
[EventType "team-tourn"]
[EventRounds "11"]
[EventCountry "GER"]
[SourceTitle "EXT 2022"]
[Source "ChessBase"]
[SourceDate "2021.10.06"]
[SourceVersion "1"]
[SourceVersionDate "2021.10.06"]
[SourceQuality "1"]
[WhiteTeam "Horrem"]
[BlackTeam "Alsdorf SVG"]
[WhiteTeamCountry "GER"]
[BlackTeamCountry "GER"]

1. Nf3 c5 2. c4 e6 3. d4 cxd4 4. Nxd4 a6 5. g3 Nf6 6. Bg2 d6 7. 0-0 Be7 8. b3 0-0 9. Nc3 Qc7 10. Bb2 Nbd7 11. Rc1 Re8 12. Qc2 Nf8 13. Rfd1 Bd7 14. Ne4 Rad8 15. a3 Bc8 16. b4 e5 17. Nf5 Nxe4 18. Nxe7+ Qxe7 19. Bxe4 Ng6 20. c5 dxc5 21. Rxd8 Rxd8 22. Qxc5 Qxc5 23. Rxc5 Bh3 24. Rd5 Rxd5 25. Bxd5 Bc8 26. h4 Kf8 27. f3 Ne7 28. Bc4 1/2-1/2

[Event "Mittelrhein Verbandsliga-W 17/18"]
[Site "Nordrheinwestfalen"]
[Date "2017.11.12"]
[Round "4.8"]
[White "Kloepper, Karl"]
[Black "Titgemeyer, Eva Maria"]
[Result "1-0"]
[WhiteElo "1800"]
[BlackElo "1719"]
[PlyCount "39"]
[EventDate "2017.09.10"]
[EventType "team-tourn"]
[EventRounds "11"]
[EventCountry "GER"]
[SourceTitle "EXT 2022"]
[Source "ChessBase"]
[SourceDate "2021.10.06"]
[SourceVersion "1"]
[SourceVersionDate "2021.10.06"]
[SourceQuality "1"]
[WhiteTeam "Horrem"]
[BlackTeam "Aachen SV III"]
[WhiteTeamCountry "GER"]
[BlackTeamCountry "GER"]

1. Nf3 d5 2. d4 Nf6 3. e3 e6 4. c4 c5 5. Nc3 Nbd7 6. Be2 Be7 7. 0-0 0-0 8. b3 Re8 9. Bb2 Nf8 10. Qc2 Ng6 11. Rfd1 cxd4 12. Nxd4 b6 13. cxd5 Nxd5 14. Nxd5 exd5 15. Rac1 Bb7 16. Nc6 Qd6 17. Nxe7+ Rxe7 18. Bf3 Nh4 19. Bg4 Re4 20. Qxe4 1-0

[Event "Mittelrhein Verbandsliga-W 17/18"]
[Site "Nordrheinwestfalen"]
[Date "2017.09.10"]
[Round "1.7"]
[White "Kloepper, Karl"]
[Black "Baldus, Alexander"]
[Result "0-1"]
[WhiteElo "1800"]
[BlackElo "1835"]
[PlyCount "86"]
[EventDate "2017.09.10"]
[EventType "team-tourn"]
[EventRounds "11"]
[EventCountry "GER"]
[SourceTitle "EXT 2022"]
[Source "ChessBase"]
[SourceDate "2021.10.06"]
[SourceVersion "1"]
[SourceVersionDate "2021.10.06"]
[SourceQuality "1"]
[WhiteTeam "Horrem"]
[BlackTeam "Pulheim"]
[WhiteTeamCountry "GER"]
[BlackTeamCountry "GER"]

1. Nf3 Nf6 2. d4 g6 3. c4 Bg7 4. Nc3 0-0 5. e3 d6 6. Be2 Nbd7 7. b3 c6 8. Bb2 Qc7 9. 0-0 e5 10. Rc1 exd4 11. exd4 Nb6 12. d5 Re8 13. dxc6 bxc6 14. Nd4 Bb7 15. Bf3 a5 16. Qc2 Nfd7 17. Rfd1 Ne5 18. Be2 Ned7 19. Bf3 Ne5 20. Be2 Rad8 21. f4 Ned7 22. Bf3 Nf6 23. Nce2 d5 24. c5 Nbd7 25. f5 Ne5 26. fxg6 hxg6 27. Ng3 Nfg4 28. Nf1 Bh6 29. h3 Ne3 30. Qc3 Nxd1 31. Rxd1 Bg7 32. Nh2 Nxf3+ 33. Nhxf3 Qf4 34. Bc1 Qc7 35. Qd3 Re4 36. Bb2 Rde8 37. Bc3 Qg3 38. Qd2 Qf4 39. Qf2 Qe3 40. Qxe3 Rxe3 41. Bxa5 Ra8 42. Kf2 Rxf3+ 43. Nxf3 Rxa5 0-1

[Event "Mittelrhein Regionalliga 1415"]
[Site "Mittelrhein"]
[Date "2015.03.15"]
[Round "8.8"]
[White "Kloepper, Karl"]
[Black "Distelrath, Stephan"]
[Result "0-1"]
[WhiteElo "1894"]
[BlackElo "1987"]
[PlyCount "70"]
[EventDate "2014.09.28"]
[EventType "team-tourn"]
[EventRounds "9"]
[EventCountry "GER"]
[SourceTitle "EXT 2023"]
[Source "ChessBase"]
[SourceDate "2022.10.05"]
[SourceVersion "1"]
[SourceVersionDate "2022.10.05"]
[SourceQuality "1"]
[WhiteTeam "Horrem"]
[BlackTeam "Koeln Ford SF"]
[WhiteTeamCountry "GER"]
[BlackTeamCountry "GER"]

1. Nf3 Nf6 2. d4 g6 3. c4 Bg7 4. Nc3 0-0 5. e3 d6 6. Be2 Nbd7 7. b4 e5 8. Bb2 c6 9. a4 Qe7 10. Qb3 a5 11. b5 Re8 12. 0-0 c5 13. dxe5 dxe5 14. e4 Nb6 15. Rad1 Bg4 16. h3 Bxf3 17. Bxf3 Rad8 18. Ba3 Rd4 19. Rxd4 exd4 20. Nd5 Nbxd5 21. exd5 Bh6 22. d6 Qxd6 23. Bxb7 Bd2 24. Qd3 Bc3 25. Bc1 Nd7 26. Bc6 Re7 27. Bxd7 Qxd7 28. Bd2 Bxd2 29. Qxd2 d3 30. Rd1 Qd4 31. Qxa5 Kg7 32. Qa8 d2 33. Qf3 Re1+ 34. Kh2 Rxd1 35. Qxd1 Qe5+ 0-1

[Event "Mittelrhein-chT 1112"]
[Site "Germany"]
[Date "2012.05.06"]
[Round "12.7"]
[White "Hendrichs, Udo"]
[Black "Kloepper, Karl"]
[Result "0-1"]
[WhiteElo "1886"]
[BlackElo "1852"]
[PlyCount "142"]
[EventDate "2011.09.11"]
[EventType "team-tourn"]
[EventRounds "13"]
[EventCountry "GER"]
[SourceTitle "EXT 2013"]
[Source "ChessBase"]
[SourceDate "2012.11.22"]
[SourceVersion "1"]
[SourceVersionDate "2012.11.22"]
[SourceQuality "1"]
[WhiteTeam "Langenfeld II"]
[BlackTeam "Horrem"]
[WhiteTeamCountry "GER"]
[BlackTeamCountry "GER"]

1. d4 Nf6 2. Nf3 d5 3. e3 e6 4. Bd3 Be7 5. 0-0 0-0 6. Nbd2 c5 7. c3 Nc6 8. Qe2 b6 9. e4 cxd4 10. e5 Nd7 11. cxd4 Nb4 12. Bb5 a6 13. Ba4 a5 14. Bb5 Ba6 15. Bxa6 Nxa6 16. a3 Qb8 17. Qb5 Rd8 18. Re1 Nc7 19. Qd3 b5 20. Nf1 a4 21. Bg5 Bxg5 22. Nxg5 Nf8 23. Rac1 h6 24. Nh3 Rd7 25. f4 b4 26. Ng3 Qb5 27. Qe3 Qb6 28. f5 exf5 29. Nxf5 Nce6 30. Rcd1 bxa3 31. bxa3 Rc8 32. Nd6 Rc2 33. Rf1 Qb3 34. Rd3 Qb2 35. Nf2 Rdc7 36. Nf5 Ng6 37. Qg3 Nef4 38. Re3 Rc1 39. Nd1 Rxd1 40. Rxd1 Rc2 41. Nh4 Nxh4 42. Qxh4 Nxg2 43. Qd8+ Kh7 44. Qxd5 Nxe3 45. Qe4+ Kh8 46. Qxe3 Rg2+ 47. Kf1 Rxh2 48. Qf3 Qb3 49. Rd3 Qb1+ 50. Rd1 Rh1+ 51. Qxh1 Qxd1+ 52. Kg2 Qxd4 53. Qh5 Kg8 54. Qf5 Qb2+ 55. Kh1 Qxa3 56. Qe4 Qb3 57. Qa8+ Kh7 58. Qe4+ g6 59. Qd4 a3 60. Qa7 a2 61. Kg2 Kg7 62. Qa6 Kh7 63. Qa7 h5 64. Kh2 Kg7 65. Qd4 Kh7 66. Qa7 g5 67. Qd4 h4 68. Qe4+ Kh6 69. Qa8 Qb2+ 70. Kh3 Qxe5 71. Qa6+ Qe6+ 0-1